| 000 | 01109cam a2200313 a 4500 | ||
|---|---|---|---|
| 001 | 16954856 | ||
| 003 | BD-DhUL | ||
| 005 | 20161215143919.0 | ||
| 008 | 110909s2009 nyua 001 0 eng | ||
| 010 | _a 2011290264 | ||
| 020 | _a9780470317549 | ||
| 040 |
_aDLC _cDLC _dDLC _dBD-DhUL |
||
| 042 | _apcc | ||
| 082 |
_a657 _bWEA |
||
| 100 | 1 | _aWeygandt, Jerry J. | |
| 245 | 1 | 0 |
_aAccounting principles / _cJerry J. Weygandt, Paul D. Kimmel, Donald E. Kieso. |
| 250 | _a9th ed. | ||
| 260 |
_aNew York : _bWiley, _cc2009 |
||
| 300 |
_axxi, 1196, [69] p. : _bcol. ill. ; _c29 cm. |
||
| 500 | _aIncludes indexes. | ||
| 650 | 0 | _aAccounting. | |
| 700 | 1 | _aKimmel, Paul D. | |
| 700 | 1 | _aKieso, Donald E. | |
| 856 | 4 | 2 |
_3Contributor biographical information _uhttp://www.loc.gov/catdir/enhancements/fy1117/2011290264-b.html |
| 856 | 4 | 2 |
_3Publisher description _uhttp://www.loc.gov/catdir/enhancements/fy1117/2011290264-d.html |
| 856 | 4 | 1 |
_3Table of contents only _uhttp://www.loc.gov/catdir/enhancements/fy1117/2011290264-t.html |
| 942 |
_2ddc _cBK |
||
| 955 |
_bxj01 2011-09-09 _ixj01 2011-09-09 to Dewey |
||
| 999 |
_c136117 _d136117 |
||